Waste Management Programme in the Slovak Republic

Podrobná bibliografia
Médium: Kniha
Jazyk:angličtina
Fyzický popis:87 s. Mp., sch., tab. 20 cm
Vydavateľské údaje: Bratislava Bratislava Štatistické a evidenčné vydavateľstvo tlačív Ministerstvo životného prostredia SR [vyd.] 1993
ISBN:8088707048

MARC

LEADER 00000nam a2200000 a 4500
001 vtls001075215
003 SK-MaSNL
005 20260223211345.0
008 250414s1993 xo 0 eng
015 |a SNBA1994/06 
020 |a 8088707048 
035 |a SNK000018047 
040 |a SNK  |b slo  |c SNK  |e AACR2 
041 0 |a eng 
044 |a xo  |c SK 
080 |a 628.4(437.6)(048.84)=20  |2 1981 
245 0 0 |a Waste Management Programme in the Slovak Republic 
260 |a Bratislava  |b Štatistické a evidenčné vydavateľstvo tlačív  |a Bratislava  |b Ministerstvo životného prostredia SR [vyd.]  |c 1993  |e Dolné Naštice  |f EXPRESPRINT 
300 |a 87 s.  |b Mp., sch., tab.  |c 20 cm 
852 |a Slovenská národná knižnica 
919 |a 80-88707-04-8 
954 |a odpady  |a hospodárstvo odpadové 
958 |a APR 
958 |a TL 
999 |c 705348  |d 707278 
952 |t P60, <04>, [BOOK], {604}  |a SNK  |b SNK  |y VYP  |7 0  |p 17A0245066  |o snkSC 85832 D1  |0 0  |1 0  |4 0  |d 2000-07-10  |l 0  |r 2004-12-31 00:00:00  |w 2026-02-23